Normal view
MARC view
Entry Personal Name
001 - CONTROL NUMBER
- control field: 2147
003 - CONTROL NUMBER IDENTIFIER
- control field: dpl
005 - DATE AND TIME OF LATEST TRANSACTION
- control field: 20100728145547.0
008 - FIXED-LENGTH DATA ELEMENTS
- fixed length control field: 100728|||a|||||| | ||| d
040 ## - CATALOGING SOURCE
- Original cataloging agency: dpl
- Transcribing agency: dpl
100 ## - HEADING--PERSONAL NAME
- Personal name: Chaudhuri, Sujit K.
670 ## - SOURCE DATA FOUND
- Source citation: Work cat.: (dpl)37221: Chaudhuri, Sujit K., Concise medical physiology /, 2009
670 ## - SOURCE DATA FOUND
- Source citation: Work cat.: (dpl)37221: Chaudhuri, Sujit K., Concise medical physiology /, 2009
